000 00190 a2200097 4500
020 _a9780425185018
041 _aspa
100 _aStav, Julie
245 _aInvierte en tu futuro
942 _cBK
999 _c10498
_d10498